| 000 | 01003cam a2200337 a 4500 | ||
|---|---|---|---|
| 001 | 12041303 | ||
| 003 | OSt | ||
| 005 | 20140310184348.0 | ||
| 008 | 000615s2001 nyu c 000 1 eng | ||
| 010 | _a 00055718 | ||
| 020 | _a0439098645 | ||
| 040 |
_aDLC _cDLC _dDLC |
||
| 042 | _alcac | ||
| 050 | 0 | 0 |
_aPZ 7 _b.H67445Aq 2001 |
| 100 | 1 |
_aHoffman, Alice. _923731 |
|
| 245 | 1 | 0 |
_aAquamarine / _cAlice Hoffman. |
| 260 |
_aNew York : _bScholastic Press, _c2001. |
||
| 300 |
_a105 p. ; _c19 cm. _bill. ; |
||
| 521 | _aG8 | ||
| 526 | _c940 | ||
| 650 | 1 |
_aMermaids _vFiction. _924934 |
|
| 650 | 1 |
_aFriendship _vFiction. _924935 |
|
| 650 | 1 |
_aSummer _vFiction. _924936 |
|
| 650 | 1 |
_aBeaches _vFiction. _924937 |
|
| 650 | 1 |
_aMoving, Household _vFiction. _924938 |
|
| 906 |
_a7 _bcbc _corignew _d1 _eocip _f20 _gy-gencatlg |
||
| 942 |
_2lcc _cBK-SCHOLAS |
||
| 999 |
_c33905 _d33905 |
||